000 00805nam a2200229 a 4500
001 47969
003 BD-RjUL
005 20211209054431.0
008 160811s2011 bg ||||| |||| 00| f ben d
020 _a9789843323996
_c: Tk. 125.00
035 _a(BD-RjUL)48088
040 _aBD-RjUL
_bben
_cBD-RjUL
041 _aben
082 _223
_a891.443
_bAHA 2011
100 _aআহমেদ, মাহবুবা
_9126265
245 1 0 _aআগুন ঝরা দিন :
_bগল্প সংকলন /
_cমাহবুবা আহমেদ
260 _aঢাকা :
_bবনলতা প্রকাশনী,
_c২০১১
300 _a৮০ পৃ. ;
_c২২ সেমি.
650 _aবাংলা ছোটগল্প
_9145530
650 _aBengali Short story
_9125847
942 _2ddc
_cBK
999 _c47969
_d47969